NLSUI OPAC header image

Advanced introduction to post Keynesian economics / (Record no. 39712)

MARC details
000 -LEADER
fixed length control field 01257cam a22002777i 4500
001 - CONTROL NUMBER
control field 18490917
005 - DATE AND TIME OF LATEST TRANSACTION
control field 20260428045241.0
008 - FIXED-LENGTH DATA ELEMENTS--GENERAL INFORMATION
fixed length control field 150212t20152015enk b 001 0 eng c
020 ## - INTERNATIONAL STANDARD BOOK NUMBER
International Standard Book Number 9781782548423 (hbk.)
084 ## - OTHER CLASSIFICATION NUMBER
Classification number 330.156 KIN
100 1# - MAIN ENTRY--PERSONAL NAME
Personal name King, J. E.
245 10 - TITLE STATEMENT
Title Advanced introduction to post Keynesian economics /
Statement of responsibility, etc. J.E. King
264 #1 - PRODUCTION, PUBLICATION, DISTRIBUTION, MANUFACTURE, AND COPYRIGHT NOTICE
Place of production, publication, distribution, manufacture Cheltenham:
Name of producer, publisher, distributor, manufacturer Edward Elgar Publishing,
Date of production, publication, distribution, manufacture, or copyright notice 2015.
300 ## - PHYSICAL DESCRIPTION
Extent viii, 139 p. ;
Dimensions 22 cm.
365 ## - TRADE PRICE
Price amount RS.1638.00
490 0# - SERIES STATEMENT
Series statement Elgar advanced introductions
504 ## - BIBLIOGRAPHY, ETC. NOTE
Bibliography, etc. note Includes bibliographical references and index.
505 ## - FORMATTED CONTENTS NOTE
Formatted contents note 1. Introduction<br/>2. The Core of Post Keynesian Economics<br/>3. What Post Keynesian Macroeconomics is Not<br/>4. Some Methodological Issues<br/>5. Post Keynesian Microeconomics<br/>6. Economic Growth, Development and the World Economy<br/>7. Why it all Matters: Economic Policy<br/>8. A Case Study: The Global Financial Crisis<br/>9. Post Keynesians and Other Schools of Thought<br/>10. Some Final Questions
650 #0 - SUBJECT ADDED ENTRY--TOPICAL TERM
Topical term or geographic name entry element Keynesian economics.
650 #0 - SUBJECT ADDED ENTRY--TOPICAL TERM
Topical term or geographic name entry element Economics.
906 ## - LOCAL DATA ELEMENT F, LDF (RLIN)
a 7
b cbc
c pccadap
d 2
e ncip
f 20
g y-gencatlg
942 ## - ADDED ENTRY ELEMENTS (KOHA)
Source of classification or shelving scheme Dewey Decimal Classification
Koha item type BOOKs
Holdings
Withdrawn status Lost status Damaged status Not for loan Home library Current library Shelving location Date acquired Cost, normal purchase price Total Checkouts Full call number Barcode Date last seen Price effective from Koha item type
        . .   30.05.2017 1638.00   330.156 KIN 33551 30.05.2017 30.05.2017 BOOKs